| 000 | 00000nam 2200000zi 4500 |
| 001 | 9.903439 |
| 003 | CaOODSP |
| 005 | 20250214140155 |
| 006 | m o d f |
| 007 | cr cn||||||||| |
| 008 | 210920t20212021quc of f000 0 eng d |
| 020 | |a9780660403854 |
| 040 | |aCaOODSP|beng|erda|cCaOODSP |
| 043 | |an-cn--- |
| 086 | 1 |aSG5-12/1-2021E-PDF |
| 245 | 00|aHow to complete the record of employment form. |
| 264 | 1|a[Gatineau, Quebec] : |bService Canada, |c[2021] |
| 264 | 4|c©2021 |
| 300 | |a1 online resource (72 pages) |
| 336 | |atext|btxt|2rdacontent |
| 337 | |acomputer|bc|2rdamedia |
| 338 | |aonline resource|bcr|2rdacarrier |
| 500 | |aCover title. |
| 500 | |aIssued also in French under title: Marche à suivre pour remplir le relevé d'emploi. |
| 500 | |aIssued also in HTML format. |
| 500 | |aThe publication file in PDF format was replaced on 14 February 2025 at the request of Service Canada, resulting in only minor adjustments unrelated to textual content. |
| 650 | 0|aUnemployment insurance|zCanada|vHandbooks, manuals, etc. |
| 655 | 7|aHandbooks and manuals|2lcgft |
| 710 | 1 |aCanada. |bService Canada, |eissuing body. |
| 775 | 08|tMarche à suivre pour remplir le relevé d'emploi.|w(CaOODSP)9.903440 |
| 795 | |tHow to complete the Record of Employment form |w(CaOODSP)9.700064 |
| 856 | 40|qPDF|s1.97 MB|uhttps://publications.gc.ca/collections/collection_2022/servcan/SG5-12-1-2021-eng.pdf |
| 856 | 4 |qHTML|sN/A|uhttps://www.canada.ca/en/employment-social-development/programs/ei/ei-list/reports/roe-guide.html |
| 986 | |aCat. No.: IN-327-11-21E |